000
00310nam a2200121Ia 4500
005
20260328101453.0
008
260328s9999||||xx |||||||||||||| ||und||
100
_a
Macaulay, David
245
0
_a
Great moments in Architecture /
_c
David Macaulay
260
_b
David Macaulay
650
_a
ARQUITECTURA
942
_c
BK
999
_c
8725
_d
8725